| 000 | 00679cam a22002414a 4500 | ||
|---|---|---|---|
| 008 | |||
| 020 | _a9781408017913 (pbk.) | ||
| 049 | _aMAIN | ||
| 090 |
_aHB172 _bMAN |
||
| 100 | 1 | _aMankiw, N. Gregory. | |
| 245 | 1 | 0 |
_aMicroeconomics / _cN. Gregory Mankiw and Mark P. Taylor. |
| 250 | _a2nd ed. | ||
| 260 |
_aHampshire : _bCengage Learning EMEA, _c2011. |
||
| 300 |
_axx, 494 p. : _bcol. ill. ; _c26 cm. |
||
| 500 | _aIncludes index. | ||
| 650 | 0 | _aMicroeconomics. | |
| 700 | _aTaylor, Mark P. | ||
| 907 |
_a.b10348694 _b05-05-15 _c10-11-14 |
||
| 003 | |||
| 005 | 20230123122110.0 | ||
| 040 | _cNUST | ||
| 942 |
_cBOOKS _kHB172 _mMAN |
||
| 999 |
_c127761 _d127761 |
||